Finančné aspekty fúzií podnikov diplomová práca

Uložené v:
Podrobná bibliografia
Hlavný autor: Pisklová, Lucia
Korporativný autor: Fakulta podnikového manažmentu EU. Katedra podnikových financií
Ďalší autori: Hyránek, Eduard, 1955-
Médium: Kniha
Jazyk:Slovak
Vydavateľské údaje: Bratislava 2010
Tagy: Pridať tag
Žiadne tagy, Buďte prvý, kto otaguje tento záznam!

MARC

LEADER 00000nam$a2200000$$$4500
001 0121335
005 20240318122134.6
041 0 |a slo 
044 |a SK 
245 1 0 |a Finančné aspekty fúzií podnikov  |b diplomová práca  |c Lucia Pisklová ; škol. Eduard Hyránek 
264 1 |a Bratislava  |c 2010 
300 |a 85 s. 
100 1 |a Pisklová, Lucia 
700 1 |a Hyránek, Eduard, 1955- 
710 2 |a Fakulta podnikového manažmentu EU. Katedra podnikových financií